| 000 | 01356cam a22003977a 4500 | ||
|---|---|---|---|
| 003 | CHAP | ||
| 005 | 20220817043946.0 | ||
| 008 | 040903s2001 mx a r 00010 spa d | ||
| 010 | _a88776 | ||
| 011 | _a89748 | ||
| 020 | _a8471149664 | ||
| 035 | _a100299 | ||
| 040 | _cCHAP | ||
| 082 | 0 | 4 |
_a631.0915 _bM32 |
| 100 | 0 | 0 |
_aMartín de Santa Olalla Mañas, Francisco _ecoord. |
| 245 | 1 | 0 |
_aAgricultura y desertificación _c/coord. por Francisco Martín de Santa Olalla Mañas |
| 260 |
_aMadrid : _bMundi-Prensa, _c2001 |
||
| 300 |
_a341 p. : _bilus. |
||
| 590 |
_aBATCH-UPD _b10 _c20130110 _lUCH01 _h1008 |
||
| 590 |
_aBATCH-UPD _b10 _c20130410 _lUCH01 _h0617 |
||
| 590 |
_aBATCH-UPD _b10 _c20130913 _lUCH01 _h2223 |
||
| 590 |
_aBATCH-UPD _b10 _c20141001 _lUCH01 _h1312 |
||
| 590 |
_aCONVERSION _b10 _c20130109 _lUCH01 _h1349 |
||
| 650 | 0 | 4 | _aAgricultura sustentable. |
| 650 | 0 | 4 |
_aAgua para irrigacion. _92430 |
| 650 | 0 | 4 |
_aAgua _xUtilización. _92401 |
| 650 | 0 | 4 |
_aBosques _xPreservación. |
| 650 | 0 | 4 |
_aCambios climáticos. _917792 |
| 650 | 0 | 4 |
_aDesertificación. _932128 |
| 650 | 0 | 4 |
_aSuelos _xDegradación. _9110336 |
| 901 | _aBK | ||
| 905 | _aAlejandra Carrasco M. | ||
| 942 | _cLIBRO | ||
| 949 |
_a631.0915 M32 _bBC _cLIBRO _d33724000797262 _eLIBRO _h104570 _i100299 _so |
||
| 949 |
_a631.0915 M32 _bBC _cLIBRO _d33724000797270 _eLIBRO _fc.2 _h104571 _i100299 _so |
||
| 999 |
_c88776 _d88776 |
||